Cuaderno de la lengua iii : teoría, práctica y antología para un aprendizaje integral del castellano /
Guardado en:
| Autor Principal: | |
|---|---|
| Formato: | Libro |
| Publicado: |
Buenos Aires :
Estrada,
1980
|
| Edición: | 9a. ed. |
| Materias: | |
| Etiquetas: |
Agregar Etiqueta
Sin Etiquetas, Sea el primero en etiquetar este registro!
|
| LEADER | 01225nam a22002775a 4500 | ||
|---|---|---|---|
| 001 | CEM.cems005457 | ||
| 005 | 20070308185825.0 | ||
| 008 | 130507s1980##################000#0#####d | ||
| 003 | CEMS | ||
| 082 | 0 | 4 | |a 468 |
| 100 | 1 | |a Risso De Sperber, Elsa | |
| 245 | 1 | 0 | |a Cuaderno de la lengua iii : |b teoría, práctica y antología para un aprendizaje integral del castellano / |
| 250 | |a 9a. ed. | ||
| 260 | |a Buenos Aires : |b Estrada, |c 1980 | ||
| 300 | |a 476 p. | ||
| 505 | 0 | |a Libertad, no licencia!.-Actitudes antivida.-La escuela.-Sexo.-La inflluencia sobre los hijos.-Problemas de la infancia.-Problemas de la adolescencia. -Tension en la familia.-Terapia.- | |
| 653 | |a Coordinacion | ||
| 653 | |a Discurso directo | ||
| 653 | |a Discurso indirecto | ||
| 653 | |a Inordinacion | ||
| 653 | |a Lengua y literatura 3er. año | ||
| 859 | |a CEMS |b BIB. CEMS - 11 de abril |h 468 |i R496a9 |p 11560.83 |t Ej.1 |v III |3 III | ||
| 859 | |a CEMS |b BIB. CEMS - 11 de abril |h 468 |i R496a9 |p 13480.85 |t Ej.2 |v III |3 III | ||
| 859 | |a CEMS |b BIB. CEMS - 11 de abril |h 468 |i R496a9 |p 16510.92 |t Ej.3 |v III |3 III | ||
| 859 | |a CEMS |b BIB. CEMS - 11 de abril |h 468 |i R496a9 |p 16511.92 |t Ej.4 |v III |3 III | ||
| 859 | |a CEMS |b BIB. CEMS - 11 de abril |h 468 |i R496a9 |p 16512.92 |t Ej.5 |v III |3 III | ||
